000 00393nam a2200157Ia 4500
003 OSt
005 20240104125312.0
008 170524s9999 xx 000 0 und d
020 _a9788180546747
040 _ciimt university meerut
100 _aTripathi- P C
245 0 _aIndustrial Relations & Labour Laws
260 _bN. Delhi : Sultan Chand & Sons
260 _c2008
942 _2ddc
_c02
999 _c6332
_d6332